Statistics for Guyana Country Quiz

Click here to take the quiz!

General Stats

  • This quiz has been taken 7,230 times
    (7,174 since last reset)
  • The average score is 11 of 18

Answer Stats

ClueAnswer% Correct
Bordering countriesBrazil
98%
Bordering countriesSuriname
98%
Official languageEnglish
98%
Bordering countriesVenezuela
97%
First country to colonize GuyanaNetherlands
84%
Capital cityGeorgetown
82%
CurrencyGuyanese Dollar
82%
Guyana has the world's
sixth-lowest population _____
Density
81%
Most important export (its a metal)Gold
75%
Most popular sportCricket
74%
44% of Guyanese are descendants of
indentured laborers from this country
India
65%
Most-spoken languageGuyanese Creole
57%
American cult leader whose
followers committed mass suicide by
drinking poisoned Flavor-Aid in 1978
Jim Jones
51%
Meaning of the word "Guyana"Land of
Many {Waters}
20%
Term for a table-top mountain found
in Guyana and its neighbor to the west
(hint: starts with T)
Tepui
17%
Largest single-drop waterfall by
volume in the world
Kaieteur Falls
17%
Longest river in Guyana whose furthest
source wasn't discovered until 2018
Essequibo River
15%
Guyana and its neighbors are situated
on this part of the Earth's crust
Guiana {Shield}
14%

Score Distribution

Percentile by Number Answered

Percent of People with Each Score

Your Score History

You have not taken this quiz since the last reset